Basic immunology : functions and disorders of the immune system (Record no. 14030)

MARC details
000 -LEADER
fixed length control field 00890 a2200289 4500
001 - CONTROL NUMBER
control field 150152
003 - CONTROL NUMBER IDENTIFIER
control field OSt
005 - DATE AND TIME OF LATEST TRANSACTION
control field 20211126162902.0
008 - FIXED-LENGTH DATA ELEMENTS--GENERAL INFORMATION
fixed length control field
020 ## - INTERNATIONAL STANDARD BOOK NUMBER
International Standard Book Number 9788131235102
082 ## - DEWEY DECIMAL CLASSIFICATION NUMBER
Classification number 616.079
Item number A19B
100 1# - MAIN ENTRY--PERSONAL NAME
Personal name Abbas, Abul K.
245 1# - TITLE STATEMENT
Title Basic immunology : functions and disorders of the immune system
Statement of responsibility, etc by Abul K. Abbas, Andrew H. Lichtman and Shiv Pillai; Illustrated by David L. Baker and Alexanddra Baker
250 ## - EDITION STATEMENT
Edition statement 4th ed.
260 ## - PUBLICATION, DISTRIBUTION, ETC. (IMPRINT)
Place of publication, distribution, etc Philadelphia
Name of publisher, distributor, etc Elsevier
Date of publication, distribution, etc 2014
300 ## - PHYSICAL DESCRIPTION
Extent 320p.
653 ## - INDEX TERM--UNCONTROLLED
Uncontrolled term Biochemistry
653 ## - INDEX TERM--UNCONTROLLED
Uncontrolled term Immunology
653 ## - INDEX TERM--UNCONTROLLED
Uncontrolled term Immunity
653 ## - INDEX TERM--UNCONTROLLED
Uncontrolled term Immunologic diseases
653 ## - INDEX TERM--UNCONTROLLED
Uncontrolled term Immunological deficiency syndromes
700 ## - ADDED ENTRY--PERSONAL NAME
Personal name Lichtman, Andrew H.
700 ## - ADDED ENTRY--PERSONAL NAME
Personal name Pillai, Shiv
700 ## - ADDED ENTRY--PERSONAL NAME
Personal name Baker, David L.
Relator term Illastrator
700 ## - ADDED ENTRY--PERSONAL NAME
Personal name Baker, Alexanddra
Relator term Illastrator
942 ## - ADDED ENTRY ELEMENTS (KOHA)
Source of classification or shelving scheme Dewey Decimal Classification
Koha item type Books
Holdings
Withdrawn status Lost status Source of classification or shelving scheme Damaged status Not for loan Collection code Home library Current library Date acquired Source of acquisition Cost, normal purchase price Total Checkouts Full call number Barcode Date last seen Date checked out Price effective from Koha item type
    Dewey Decimal Classification     General Text Book Central University Of Rajasthan Central University Of Rajasthan 11/09/2015 BCH 0.00 5 616.079 A19B 23847 02/06/2026 18/05/2026 02/09/2020 Books